1790 1328 1637 1171 1416 1475 1604 1019 1201 1678 1062 1114 1448 1607 1323 1722 1617 1286 1169 1120 1417 1346 1493 1444 1580 1912 1308 1065 1310 1960 1197 1748 1731 1066 1492 1486 1782 1930 1198 1969 1496 1420 1908 1562 1159 1852 1202 1170 1633 1834 1423 1032 1153 1480 1337 1130 1329 1638 1036 1455 1721 1553 1905 1857 1960 1662 1010 1588 1657 1515 1518 1827 1195 1084 1664 1429 1846 1307 1704 1287 1854 1045 1644 1026 1703 1294 1186 1068 1586 1615 1692 1634 1024 1287 1103 1392 1524 1821 1072 BCNSPRNW ULIB Ver.6.0+V

เปลี่ยนเป็นภาษาไทย

Change to English
 แสดงรายละเอียดบรรณานุกรม
  กลับหน้าหลัก

Brief Record : Get Marc (ISO 2709) : E-mail record : QR code < ปิดหน้าต่าง
LEADER : 00000nam 2200000uu 4500
001    13399127464
003     ULIB
008    200602s2017||||th 000 0 tha d
020    ^a9781506259840 (pbk.)
050  4 ^aPE1128^bM443E
100 1  ^aMatthiesen, Steven J.
245 10 ^aEssential words for the TOEFL:^btest of English as aforeign language /^cSteven J. Matthiesen
246 30 ^aBarron s essential words for the TOEFL
246 30 ^aTest of English as a Foreign Language
250    ^a7th ed.
260    ^aHauppauge, N.Y. :^bBarron s Educational series,^c2017
300    ^avii, 344 p. ;^c23 cm.
500    ^aIncludes index
650  0 ^aTest of English as a foreign language^vStudy guides
650  0 ^aEnglish language^vTextbooks for foreign speakers
650  0 ^aEnglish language^xExaminations^vStudy guides
650  0 ^aVocabulary^xExaminations^vStudy guides
653    ^aTOEFL
945    ^p0^l0^i28370
999    ^aกัณชพร จุลอักษร
รายการนี้ยังไม่มีแท็ก
คุณยังไม่ได้ล็อกอิน คุณสามารถมีกิจกรรมร่วมกับเว็บไซต์ได้ แต่ต้องล็อกอินก่อน ::
  ล็อกอิน

รายการสื่อสารสนเทศ

ลำดับที่ ประเภท เลขเรียก/บาร์โค้ด สถานที่ สถานะ
1. วิทยาศาสตร์การแพทย์ และสุขภาพ
วิทยาศาสตร์การแพทย์ และสุขภาพ
PE1128 M443E ฉ.1 
  Barcode: 28370
ห้องสมุดวิทยาเขตนครสวรรค์
►หนังสือทั่วไป:l:General Books
บนชั้น

รายการใกล้เคียง
    ผู้แต่ง [Matthiesen, Steven J.]

BibComment


ยังไม่เคยถูกคอมเมนท์

คอมเมนท์ทรัพยากรรายการนี้
  คอมเมนท์: Essential words ..


 Copyright 2026. Bcnsprnw @Library